Entry Personal Name
Number of records used in: 1
001 - CONTROL NUMBER
003 - CONTROL NUMBER IDENTIFIER
005 - DATE AND TIME OF LATEST TRANSACTION
- control field:
20250411145335.0
008 - FIXED-LENGTH DATA ELEMENTS
- fixed length control field:
250411|| aca||aabn | a|a d
040 ## - CATALOGING SOURCE
- Original cataloging agency:
JRU
- Transcribing agency:
JRU
100 ## - HEADING--PERSONAL NAME
- Personal name:
REDDY, D.S
670 ## - SOURCE DATA FOUND
- Source citation:
Work cat.: (JRU)8752: REDDY, D.S , APPLIED ENTOMOLOGY: FOR COMPITITIVE EXAMS [ ICAR-JRF, ICAR-SRF, IARI-SRF, ARS, SAUs ], 2005